000 00344nam a2200133Ia 4500
008 240624s9999 xx 000 0 und d
041 _aeng
082 _a657.45 REI
100 _aREILLY PETER
245 _aHUMAN RESOURCE FUNCTION AUDIT
260 _aUK
_bCambridge Strategy Publications Ltd
300 _a64 : p. : cm. ; 29
365 _cRS
_b50
999 _c28476
_d28476